Le participation ouvrière à l’Est et à l’Ouest

সংরক্ষণ করুন:
গ্রন্থ-পঞ্জীর বিবরন
বিন্যাস: গ্রন্থ
ভাষা:Undetermined
প্রকাশিত: Paris Éditions Économie et humanisme, Éditions ouvrières 1967
বিষয়গুলি:
ট্যাগগুলো: ট্যাগ যুক্ত করুন
কোনো ট্যাগ নেই, প্রথমজন হিসাবে ট্যাগ করুন!
Thư viện lưu trữ: Trung tâm Học liệu Trường Đại học Cần Thơ
LEADER 00522nam a2200169Ia 4500
001 CTU_87993
008 210402s9999 xx 000 0 und d
082 |a 658.4 
082 |b P291 
245 0 |a Le participation ouvrière à l’Est et à l’Ouest 
260 |a Paris 
260 |b Éditions Économie et humanisme, Éditions ouvrières 
260 |c 1967 
650 |a Works councils,Management 
650 |x Employee participation 
904 |i M.Loan 
980 |a Trung tâm Học liệu Trường Đại học Cần Thơ